| 000 | 00973nam a22003017a 4500 | ||
|---|---|---|---|
| 003 | CHAP | ||
| 005 | 20220329134354.0 | ||
| 008 | 971013s1968 r 00010 d | ||
| 010 | _a19531 | ||
| 011 | _a20503 | ||
| 035 | _a24591 | ||
| 040 | _cCHAP | ||
| 082 |
_a551.59724 _bJ3 |
||
| 100 | 0 | 0 |
_aJáiregui Ostos, Ernesto. _961716 |
| 245 | _aMesoclima de la región Puebla-Tlaxcala | ||
| 260 |
_aMéxico, D.F. : _bUniversidad Nacional Autónoma de México. Instituto de Geografía, _c1968 |
||
| 300 | _a29 p. | ||
| 590 |
_aBATCH-UPD _b10 _c20130110 _lUCH01 _h0106 |
||
| 590 |
_aBATCH-UPD _b10 _c20130110 _lUCH01 _h2327 |
||
| 590 |
_aBATCH-UPD _b10 _c20130409 _lUCH01 _h2056 |
||
| 590 |
_aBATCH-UPD _b10 _c20130914 _lUCH01 _h0949 |
||
| 590 |
_aCONVERSION _b10 _c20130109 _lUCH01 _h1312 |
||
| 650 | 1 | 4 |
_aClima _xPuebla. _923840 |
| 650 | 1 | 4 |
_aClima _zTlaxcala. _923858 |
| 901 | _aBK | ||
| 942 | _cLIBRO | ||
| 949 |
_a551.59724 J3 _bBC _cLIBRO _d33724000518486 _eLIBRO _h11623 _i24591 _mD _si |
||
| 999 |
_c19531 _d19531 |
||